Loreto College Library, Kolkata
WEBOPAC (ONLINE PUBLIC ACCESS CATALOGUE)

The demand for partition of India (Record no. 5823)

MARC details
000 -LEADER
fixed length control field 00592nam a2200205Ia 4500
005 - DATE AND TIME OF LATEST TRANSACTION
control field 20210427124303.0
008 - FIXED-LENGTH DATA ELEMENTS--GENERAL INFORMATION
fixed length control field 131103s9999 xx 000 0 und d
020 ## - ISBN | অাই এস বি এন
ISBN | অাই এস বি এন 8170998689
PRICE Rs 395
040 ## - CATALOGING SOURCE
Original cataloging agency Loreto College
041 ## - LANGUAGE CODE
Language code English
082 ## - DDC | ডিউই
Classification number | বর্গসংখ্যা 954.04
Book Number | গ্রন্থাঙ্ক MUJ
100 ## - MAIN ENTRY--PERSONAL NAME | মুখ্য সংলেখ - ব্যাক্তিনাম
Personal name | ব্যাক্তিনাম Mujtaba, Syed Ali
245 #4 - TITLE STATEMENT | অাখ্যা বিবরণী
Title | অাখ্যা The demand for partition of India
Sub title | উপঅাখ্যা And the British Policy
Statement of responsibility | লেখকের দায়িত্বের বিবরণ Syed Ali Mujtaba
260 ## - IMPRINT | প্রকাশনা ক্ষেত্র
Place of publication | প্রকাশ স্থান New Delhi
Name of publisher | প্রকাশকের নাম Mittal Publications
Date of publication | প্রকাশ কাল 2002
300 ## - PHYSICAL DESCRIPTION |
Page / Vol. No | পৃষ্ঠা / খন্ড সংখ্যা 189p
504 ## - BIBLIOGRAPHY, ETC. NOTE
Bibliography, etc Includes bibliography and index
650 ## - SUBJECT ADDED ENTRY--TOPICAL TERM | বিষয় শিরোনাম - মূল বিষয়
Topical term | মূল বিষয় History - India - 20th century
850 ## - HOLDING INSTITUTION
Holding institution LCLIB
942 ## - ADDED ENTRY ELEMENTS (KOHA)
Koha item type Books
Holdings
Withdrawn status Lost status Source of classification Damaged status Not for loan Home library Current library Date acquired Total Checkouts Full call number Accession No. Date last seen Price effective from Koha item type
    Dewey Decimal Classification     Loreto College Loreto College 04/11/2013   954.04 MUJ 43854 B5691 04/11/2013 04/11/2013 Books